000 00315nam a2200109Ia 4500
008 160609s9999 xx 000 0 und d
100 _aMcLean, Scott.
245 _aBusiness English for Success
245 _cby Scott McLean
260 _c2011
856 _uhttp://open.umn.edu/opentextbooks/BookDetail.aspx?bookId=65
999 _c295683
_d295683